00285 a2200109 4500000002500000020001800025100002700043245006600070260001400136264000800150999001700158 nam a22 7a 4500 a9781032599144 aTurjiman, Fadi-AI9102 aInternet of Nano things and wireless body area Networks(WBAN) bCRCc2023 bCRC c35988d35988